| 000 | 00868cam a22002412 4500 | ||
|---|---|---|---|
| 001 | 0000001946 | ||
| 005 | 20151217151834.0 | ||
| 008 | 070329s xx 000 0 eng d | ||
| 020 | _a185278167x : | ||
| 040 |
_aKABU _cKABU |
||
| 050 | 0 |
_aHD75.6 _b.P43 |
|
| 100 | 1 |
_aPearce, David. _@0000150136 |
|
| 245 | 1 | 0 |
_aSustainable development : _beconomic and environment in the Third World / _cDavid Pearce, Edward Barbier, Anil Markandya. |
| 260 |
_aAldershot, England : _bEdward Edgar, _c1990. |
||
| 300 | _axi, 217 p. | ||
| 650 | 0 |
_aEconomic development _xEnvironmental aspects _zDeveloping countries. _@0000151063 |
|
| 700 | 1 |
_aBarbier, Edward. _@0000151064 |
|
| 700 | 1 |
_aMarkandya, Anil. _@0000150111 |
|
| 852 | 1 | _9p12699 KES | |
| 908 | _a070329 | ||
| 950 | _@1 | ||
| 999 |
_c5540 _d5540 |
||